[Event "Joao Pessoa Fischer Memorial 11th"]
[Site "Joao Pessoa"]
[Date "2022.05.06"]
[Round "2"]
[White "Galindo, Flavio H Rocha"]
[Black "Do Nascimento, Francinaldo Rodrigu"]
[Result "1/2-1/2"]
[WhiteElo "2068"]
[BlackElo "1812"]
[PlyCount "53"]
[EventDate "2022.05.06"]
[EventType "swiss"]
[EventRounds "6"]
[EventCountry "BRA"]
[SourceTitle "EXT 2023"]
[Source "ChessBase"]
[SourceDate "2022.10.05"]
[SourceVersion "1"]
[SourceVersionDate "2022.10.05"]
[SourceQuality "1"]

1. e4 c5 2. Nf3 d6 3. d4 cxd4 4. Nxd4 Nc6 5. Be3 Nf6 6. Nc3 a6 7. Be2 Bd7 8. g4 Nxd4 9. Bxd4 Bc6 10. f3 Qc7 11. Qd2 b5 12. a3 Qb7 13. 0-0 e5 14. Bf2 Be7 15. Rad1 0-0 16. Be3 Rfd8 17. g5 Ne8 18. Nd5 Bxd5 19. Qxd5 Qxd5 20. exd5 f5 21. f4 e4 22. h4 Rdb8 23. Kf2 Bd8 24. c3 Bb6 25. b4 Bxe3+ 26. Kxe3 a5 27. Rd4 1/2-1/2

[Event "Paraiba-ch"]
[Site "Joao Pessoa"]
[Date "2019.12.14"]
[Round "2"]
[White "Do Nascimento, Francinaldo Rodrigu"]
[Black "Brito, Luismar Jorge"]
[Result "0-1"]
[WhiteElo "1832"]
[BlackElo "2214"]
[PlyCount "62"]
[EventDate "2019.12.13"]
[EventType "tourn"]
[EventRounds "5"]
[EventCountry "BRA"]
[SourceTitle "EXT 2021"]
[Source "ChessBase"]
[SourceDate "2020.10.23"]
[SourceVersion "1"]
[SourceVersionDate "2020.10.23"]
[SourceQuality "1"]

1. d4 Nf6 2. c4 e6 3. Nc3 Bb4 4. a3 Bxc3+ 5. bxc3 b6 6. Bg5 h6 7. Bxf6 Qxf6 8. e4 e5 9. Be2 Nc6 10. Nf3 0-0 11. 0-0 d6 12. d5 Na5 13. Nd2 Qg5 14. Bf3 g6 15. Kh1 f5 16. c5 bxc5 17. Qa4 Qxd2 18. Qxa5 Rf7 19. Rab1 Kg7 20. Kg1 Qd3 21. Rfe1 Qd2 22. Re3 fxe4 23. Rxe4 Bf5 24. Re2 Qf4 25. Rbe1 Bd3 26. Rb2 e4 27. Bd1 Qc1 28. Ra2 Rb8 29. c4 Qxc4 30. Rd2 Rb1 31. Qxa7 Qc3 0-1

[Event "Joao Pessoa Fischer Memorial 7th"]
[Site "Joao Pessoa"]
[Date "2016.03.13"]
[Round "6"]
[White "Bernardo da Silva, Carlos Augusto"]
[Black "Do Nascimento, Francinaldo Rodrigu"]
[Result "0-1"]
[WhiteElo "1778"]
[BlackElo "1800"]
[PlyCount "82"]
[EventDate "2016.03.11"]
[EventType "swiss"]
[EventRounds "6"]
[EventCountry "BRA"]
[SourceTitle "CBM 171 Extra"]
[Source "ChessBase"]
[SourceDate "2016.04.26"]
[SourceVersion "1"]
[SourceVersionDate "2016.04.26"]
[SourceQuality "1"]

1. e4 d6 2. d4 Nf6 3. Nc3 g6 4. Nf3 Bg7 5. Bd3 Nc6 6. Be3 0-0 7. h3 Nb4 8. 0-0 Nxd3 9. Qxd3 Nh5 10. g4 Nf6 11. Rad1 Nxg4 12. hxg4 Bxg4 13. Nh2 Bxd1 14. Qxd1 f5 15. Qf3 f4 16. Bc1 Bxd4 17. Nb5 Bb6 18. Ng4 e5 19. Kg2 Qg5 20. Kh1 h5 21. Nh2 Qh4 22. Nc3 g5 23. Nd5 g4 24. Rg1 Kh8 25. Qg2 Bxf2 26. Rf1 Bg3 27. Kg1 c6 28. Nc3 f3 29. Nxf3 gxf3 30. Rxf3 Rxf3 31. Qxf3 Rg8 32. Kf1 Bf4 33. Ne2 Bxc1 34. Nxc1 Qf4 35. Qxf4 exf4 36. Ne2 Re8 37. Nc3 Kg7 38. Kf2 Kf6 39. Kf3 Ke5 40. Ne2 Rg8 41. c3 h4 0-1

[Event "Joao Pessoa Fischer Memorial 7th"]
[Site "Joao Pessoa"]
[Date "2016.03.12"]
[Round "3"]
[White "Do Nascimento, Francinaldo Rodrigu"]
[Black "Da Paixao, Irineu Vieira"]
[Result "1-0"]
[WhiteElo "1800"]
[BlackElo "1718"]
[PlyCount "83"]
[EventDate "2016.03.11"]
[EventType "swiss"]
[EventRounds "6"]
[EventCountry "BRA"]
[SourceTitle "CBM 171 Extra"]
[Source "ChessBase"]
[SourceDate "2016.04.26"]
[SourceVersion "1"]
[SourceVersionDate "2016.04.26"]
[SourceQuality "1"]

1. d4 Nf6 2. c4 e6 3. Nc3 Be7 4. e4 c6 5. e5 Ng8 6. Qg4 g6 7. Qd1 d5 8. Be3 Nd7 9. c5 b5 10. Bd3 Qa5 11. Nh3 h6 12. 0-0 Qd8 13. Nf4 Nf8 14. b4 a5 15. a3 Bg5 16. Qc2 Ne7 17. Nh3 Nf5 18. Nxg5 hxg5 19. Qd2 Nh7 20. f4 g4 21. g3 a4 22. Be2 Nh6 23. f5 g5 24. f6 Rg8 25. Bd3 Nf5 26. Bf2 Kd7 27. Qe2 Qf8 28. Nxb5 cxb5 29. Bxb5+ Kc7 30. Bd3 Qh6 31. b5 Rh8 32. Bxf5 exf5 33. Be3 Be6 34. Rab1 f4 35. b6+ Kd8 36. c6 fxg3 37. b7 Rb8 38. Bd2 Nf8 39. Ba5+ Ke8 40. c7 gxh2+ 41. Kh1 Rxb7 42. c8Q+ 1-0

[Event "Joao Pessoa Fischer Memorial 7th"]
[Site "Joao Pessoa"]
[Date "2016.03.12"]
[Round "4"]
[White "Felix, Thiago Ribeiro"]
[Black "Do Nascimento, Francinaldo Rodrigu"]
[Result "1/2-1/2"]
[WhiteElo "1948"]
[BlackElo "1800"]
[PlyCount "53"]
[EventDate "2016.03.11"]
[EventType "swiss"]
[EventRounds "6"]
[EventCountry "BRA"]
[SourceTitle "CBM 171 Extra"]
[Source "ChessBase"]
[SourceDate "2016.04.26"]
[SourceVersion "1"]
[SourceVersionDate "2016.04.26"]
[SourceQuality "1"]

1. e4 d6 2. d4 Nf6 3. Nc3 g6 4. Nf3 Bg7 5. Bc4 0-0 6. 0-0 Bg4 7. h3 Bd7 8. Qe2 Nc6 9. Rd1 Qc8 10. e5 dxe5 11. dxe5 Nh5 12. Nd5 Bxh3 13. gxh3 Qxh3 14. Ng5 Qh4 15. f4 e6 16. Nxc7 Nxf4 17. Bxf4 Qxf4 18. Ncxe6 fxe6 19. Nxe6 Qg3+ 20. Qg2 Qe3+ 21. Kh1 Nxe5 22. Nxf8+ Nxc4 23. Qd5+ Kh8 24. Nxg6+ hxg6 25. Qxc4 Qh3+ 26. Kg1 Qg3+ 27. Kh1 1/2-1/2